Languages of Karnataka - Statistics

General Stats
  • This quiz has been taken 11 times
  • The average score is 7 of 10
Answer Stats
Hint Answer % Correct
1.43% Hindi
91%
66.5% Kannada
82%
1.22% Malayalam
82%
3.29% Marathi
82%
3.45% Tamil
82%
5.84% Telugu
82%
10.8% Urdu
73%
1.29% Konkani
45%
2.61% Tulu
45%
1.59% Lambadi
9%
No matching quizzes found
Score Distribution
Percent of People with Each Score
Percentile by Number Answered
Your Score History
You have not taken this quiz